Hospodársky kalendár pre roľníkov a družstevníkov na rok ...

Bibliographic Details
Format: Serial
Language:Slovak
PhysicalDescription:zv. 16 cm
Published: Bratislava Družstevné vydavateľstvo a kníhkupvov 1922-1951
Subjects:

MARC

LEADER 00000cas a2200000 a 4500
001 vtls001376132
003 SK-MaSNL
005 20260228155724.0
008 160624d19221951xo ar 5 0 0b0slo
040 |a SNK  |b slo  |c SNK  |e AACR2 
041 0 |a slo 
044 |a xo  |c SK 
072 7 |a 050  |x Seriálové publikácie. Periodiká  |2 konspekt 
072 7 |a 63  |x Poľnohospodárstvo a príbuzné oblasti vedy a techniky  |2 konspekt 
080 |a 050  |2 2011 
080 |a 63  |2 2011 
080 |a (059)  |2 2011 
245 0 0 |a Hospodársky kalendár pre roľníkov a družstevníkov na rok ... 
246 1 3 |a Hospodársky kalendár pre roľníkov a pôdohospodárskych družsteníkov na rok ... 
260 |a Bratislava  |b Družstevné vydavateľstvo a kníhkupvov  |c 1922-1951 
300 |a zv.  |c 16 cm 
310 |a 1x ročne 
362 0 |a Roč. 1 (1922)-roč. 29 (1951)  |z Bg. slov. a inoreč. kalenádrov za r. 1701-1965 ; SKP 
500 |a Súčasťou názvu je označenie roka 
650 0 7 |a poľnohospodárstvo  |2 SNKPH  |9 679 
655 7 |a textové kalendáre  |2 SNKPH  |9 60816 
910 |a snk 
999 |c 322  |d 322 
952 |0 0  |1 0  |4 0  |7 0  |8 3  |a SNK  |b SNK  |d 2000-06-20  |g 2.49  |i snkK 398/2000  |l 0  |o snkČSE 23/4/1925  |p 17A0242792  |r 2005-01-02 00:00:00  |w 2026-02-21  |y PREZ 
952 |0 0  |1 0  |4 0  |7 0  |a SNK  |b SNK  |d 2000-06-20  |l 0  |o snkČSE 23/18/1940  |r 2005-01-02 00:00:00  |w 2026-02-21  |y PREZ 
952 |0 0  |1 0  |4 0  |7 0  |8 5  |a SNK  |b SNK  |d 2000-06-20  |i snkF 1027/97  |l 0  |o snkČSE 23/18/1940 D1  |p 17A0088277  |r 2005-01-02 00:00:00  |w 2026-02-21  |y PREZ 
952 |0 0  |1 0  |4 0  |7 0  |a SNK  |b SNK  |d 2000-06-20  |l 0  |o snkČSE 23/19/1941  |p 17A0217114  |r 2005-01-02 00:00:00  |w 2026-02-21  |y PREZ 
952 |0 0  |1 0  |4 0  |7 0  |a SNK  |b SNK  |d 2000-06-20  |l 0  |o snkČSE 23/20/1942  |p 17A0207860  |r 2005-01-02 00:00:00  |w 2026-02-21  |y PREZ 
952 |0 0  |1 0  |4 0  |7 0  |a SNK  |b SNK  |d 2000-06-20  |l 0  |o snkČSE 23/25/1947  |p 17A0217131  |r 2005-01-02 00:00:00  |w 2026-02-21  |y PREZ 
952 |0 0  |1 0  |4 0  |7 0  |8 3  |a SNK  |b SNK  |d 2000-06-20  |g 2.49  |i snkK 399/2000  |l 0  |o snkČSE 23/25/1947 D1  |p 17A0242793  |r 2005-01-02 00:00:00  |w 2026-02-21  |y PREZ 
952 |0 0  |1 0  |4 0  |7 0  |8 3  |a SNK  |b SNK  |d 2010-09-06  |i snkK 2827/68  |l 0  |o snkČSE 23/21/1943  |p 17A0668315  |r 2026-02-21 19:54:55  |w 2026-02-21  |y PREZ 
952 |0 0  |1 0  |4 0  |7 0  |8 3  |a SNK  |b SNK  |d 2010-09-06  |i snkK 2909/68  |l 0  |o snkČSE 23/23/1945  |p 17A0668316  |r 2026-02-21 19:54:55  |w 2026-02-21  |y PREZ 
952 |0 0  |1 0  |4 0  |7 0  |8 5  |a SNK  |b SNK  |d 2010-09-06  |i snkF 3104/79  |l 0  |o snkČSE 23/18/1940  |p 17A0668292  |r 2026-02-21 19:54:55  |w 2026-02-21  |y PREZ 
952 |0 0  |1 0  |4 0  |7 0  |8 5  |a SNK  |b SNK  |d 2016-04-05  |i snkF 3107/79  |l 0  |o snkČSE 23/23/1945 D1  |p 17A1150063  |r 2026-02-21 22:09:22  |w 2026-02-21  |y PREZ